00775nam a2200181Ia 4500008004100000020002100041050002000062100002100082245019700103260005100300300002300351337001000374338001400384500001900398630005600417650003400473700008600507121028s9999 xx 000 0 und d a978-970-106510-5 aTA330 Z553 200810aZILL, Dennis G., aMatemáticas avanzadas para ingeniería 2 : cálculo vectorial, análisis de Fourier y análisis complejo c/ Dennis G. Zill, Michael R. Cullen ; traductor, Carlos Roberto Cordero Pedraza aMéxico b: McGraw-Hill Interamericana,c2008 apaginacion variada atexto asin medio aIncluye indice aAdvanced engineering mathematics. tercera edición aMatemáticas para ingenieros aCullen, Michael R., coautor Cordero Pedraza, Carlos Roberto, traductor Ì